| 000 | 00578nam a22001457a 4500 | ||
|---|---|---|---|
| 020 | _a978-0-385-61650-8 | ||
| 082 |
_a823 _bPAO/I |
||
| 100 | _aPAOLINI, CHRISTOPHER | ||
| 245 | _aINHERITANCE | ||
| 260 |
_aGREAT BRITAIN _bDOUBLEDAY _c2011 |
||
| 300 | _a860 | ||
| 520 | _aInheritance begins with a summary about the origins of Dragon Riders and how Eragon became a Rider, his alliance with the Varden army, the epic battles in which Eragon engaged, and his ongoing efforts to defeat the evil leader and former Rider, Galbatorix. | ||
| 650 |
_aNOVEL _zUNITED KINGDOM |
||
| 942 | _cBK | ||
| 999 |
_c3693 _d3693 |
||